LOTR - Races - Statistics

General Stats
  • This quiz has been taken 271 times
  • The average score is 9 of 19
Answer Stats
Answer % Correct
Elves
97%
Orcs
90%
Men
89%
Hobbits
87%
Dwarves
86%
Ents
63%
Uruk-hai
61%
Goblins
60%
Trolls
57%
Dragons
52%
Eagles
52%
Spiders
38%
Wargs
31%
Horses
23%
Haradrim
12%
Ainur
11%
Easterlings
10%
Dunlendings
3%
Corsairs of Umbar
2%
No matching quizzes found
Score Distribution
Percent of People with Each Score
Percentile by Number Answered
Your Score History
You have not taken this quiz